[Event "IECG TE.2006.P.02218 email"]
[Site "IECG email"]
[Date "2006.06.19"]
[Round "2"]
[White "Sarihan, Sefa"]
[Black "Sulaiman, Mohd Asrul"]
[Result "0-1"]
[WhiteElo "1000"]
[BlackElo "800"]
[PlyCount "52"]
[EventDate "2006.06.19"]
[EventType "tourn (corr)"]
[EventRounds "12"]
[SourceTitle "Corr 2024"]
[Source "ChessBase"]
[SourceDate "2023.10.19"]
[SourceVersion "1"]
[SourceVersionDate "2023.10.19"]
[SourceQuality "1"]

1. d4 f5 2. e4 fxe4 3. Be3 e6 4. c4 Bb4+ 5. Nc3 Nf6 6. Nge2 d5 7. Ng3 0-0 8. Be2 Nc6 9. 0-0 Na5 10. cxd5 exd5 11. h3 Be6 12. Rc1 a6 13. Na4 b6 14. a3 Bd6 15. b4 Nc4 16. Bxc4 dxc4 17. Nc3 a5 18. bxa5 Rxa5 19. a4 Bxg3 20. fxg3 Nd5 21. Re1 Nxc3 22. Rxc3 Qd7 23. Qc2 Bd5 24. Ra3 Qd6 25. Bc1 b5 26. Qc3 b4 0-1

[Event "IECG TE.2006.P.02218 email"]
[Site "IECG email"]
[Date "2006.06.19"]
[Round "2"]
[White "Sulaiman, Mohd Asrul"]
[Black "Verhaeren, Gertjan"]
[Result "0-1"]
[WhiteElo "800"]
[BlackElo "1539"]
[PlyCount "53"]
[EventDate "2006.06.19"]
[EventType "tourn (corr)"]
[EventRounds "12"]
[SourceTitle "Corr 2024"]
[Source "ChessBase"]
[SourceDate "2023.10.19"]
[SourceVersion "1"]
[SourceVersionDate "2023.10.19"]
[SourceQuality "1"]

1. d4 f5 2. e4 fxe4 3. f3 d5 4. Nc3 Nf6 5. fxe4 dxe4 6. Bg5 Bg4 7. Be2 Bf5 8. Nh3 Bxh3 9. gxh3 c6 10. Qd2 Nbd7 11. 0-0-0 Qa5 12. Bc4 0-0-0 13. Be6 h6 14. Be3 g5 15. h4 gxh4 16. Kb1 Kb8 17. Rhf1 Bg7 18. Rf5 Qa6 19. Qg2 Nf8 20. Bb3 Rh7 21. Bf4+ Kc8 22. Nxe4 N8d7 23. Be6 Nxe4 24. Qxe4 Rhh8 25. Rf7 Bf6 26. Rxe7 Bxe7 27. Qe5 0-1

[Event "IECG TE.2006.P.02114 email"]
[Site "IECG email"]
[Date "2006.03.17"]
[Round "?"]
[White "Sulaiman, Mohd Asrul"]
[Black "Boychuk, Taras"]
[Result "0-1"]
[WhiteElo "800"]
[BlackElo "2192"]
[PlyCount "108"]
[EventDate "2006.03.17"]
[EventType "tourn (corr)"]
[EventRounds "12"]
[SourceTitle "Corr 2024"]
[Source "ChessBase"]
[SourceDate "2023.10.19"]
[SourceVersion "1"]
[SourceVersionDate "2023.10.19"]
[SourceQuality "1"]

1. e4 c5 2. f4 g6 3. d4 Bg7 4. dxc5 Qa5+ 5. Nc3 Bxc3+ 6. bxc3 Qxc3+ 7. Bd2 Qxc5 8. Rb1 Nf6 9. Bd3 d5 10. exd5 Qxd5 11. Nf3 Nc6 12. 0-0 0-0 13. Ne5 Nxe5 14. fxe5 Qc5+ 15. Kh1 Ng4 16. Qe1 Nxe5 17. Be4 f5 18. Bb4 Qc4 19. Bd3 Nxd3 20. cxd3 Qxa2 21. Qxe7 Be6 22. Ra1 Qb3 23. Rxa7 Bd5 24. Ra3 Qc2 25. Rg1 Rae8 26. Qd6 Rd8 27. Qe5 Rfe8 28. Qf6 Qc6 29. Qg5 Qb6 30. Qd2 Qd4 31. Bc3 Qg4 32. Qf2 Re2 33. Qg3 Qxg3 34. hxg3 Kf7 35. Ba5 Ra8 36. Bb4 Rxa3 37. Bxa3 Rd2 38. Bb4 Rxd3 39. Kh2 Rb3 40. Rd1 Ke6 41. Be1 b5 42. Rd4 Rb2 43. Rd2 Rxd2 44. Bxd2 Ke5 45. Kg1 Kd4 46. Kf2 Kc4 47. Ke2 b4 48. Bh6 Kc3 49. Bd2+ Kb3 50. Kd1 Ka3 51. Bc1+ Ka2 52. Ke2 b3 53. Kf1 b2 54. Bxb2 Kxb2 0-1

[Event "IECG TE.2006.P.02114 email"]
[Site "IECG email"]
[Date "2006.03.17"]
[Round "?"]
[White "Valiant, John"]
[Black "Sulaiman, Mohd Asrul"]
[Result "0-1"]
[WhiteElo "1200"]
[BlackElo "800"]
[PlyCount "22"]
[EventDate "2006.03.17"]
[EventType "tourn (corr)"]
[EventRounds "12"]
[SourceTitle "Corr 2024"]
[Source "ChessBase"]
[SourceDate "2023.10.19"]
[SourceVersion "1"]
[SourceVersionDate "2023.10.19"]
[SourceQuality "1"]

1. e4 c5 2. f4 e6 3. c3 d5 4. exd5 exd5 5. d4 Nc6 6. Nf3 Nf6 7. Bb5 a6 8. Bxc6+ bxc6 9. 0-0 Be7 10. Ne5 Qb6 11. Qd3 0-0 0-1

[Event "IECG TE.2005.P.02027"]
[Site "IECG email"]
[Date "2005.12.19"]
[Round "?"]
[White "Malmstroem, Jan"]
[Black "Sulaiman, Mohd Asrul"]
[Result "1-0"]
[WhiteElo "1915"]
[BlackElo "800"]
[PlyCount "161"]
[EventDate "2005.12.19"]
[EventType "tourn (corr)"]
[EventRounds "8"]
[SourceTitle "Corr 2008"]
[Source "ChessBase"]
[SourceDate "2008.06.24"]
[SourceVersion "1"]
[SourceVersionDate "2008.06.24"]
[SourceQuality "1"]

1. e4 e5 2. Nf3 Nc6 3. c3 Nf6 4. d4 Nxe4 5. d5 Ne7 6. Nxe5 g6 7. Nc4 Bg7 8. Bd3 Nc5 9. d6 Nc6 10. Be2 0-0 11. 0-0 b5 12. dxc7 Qxc7 13. Nd6 b4 14. Bf4 f5 15. Bc4+ Ne6 16. Re1 Ba6 17. Bd5 Rad8 18. Qa4 Bd3 19. Qb3 g5 20. Rxe6 dxe6 21. Bxe6+ Kh8 22. Nf7+ Rxf7 23. Bxc7 Rxc7 24. Nd2 bxc3 25. bxc3 Ne5 26. Nf3 Nxf3+ 27. gxf3 Rxc3 28. Qb7 Be2 29. Qe7 Rcd3 30. Bxf5 R3d5 31. Re1 Bxf3 32. Bc2 Rf8 33. Qxa7 Rd2 34. Be4 Bg4 35. Rb1 Re2 36. f3 Bc8 37. a4 g4 38. Kh1 gxf3 39. Rg1 Rg8 40. Bxf3 Rd2 41. Qc5 Rd7 42. Bc6 Rf7 43. Be4 Rgf8 44. a5 Rf4 45. Qg5 R4f7 46. Qh4 Be5 47. Rd1 Bc7 48. Qh6 Bf5 49. Bxf5 Rxf5 50. Rg1 Be5 51. Qe3 Bg7 52. a6 Rf3 53. Qg5 R3f7 54. Rd1 h6 55. Qb5 Rf5 56. Qb6 R5f6 57. Rd6 Rf1+ 58. Kg2 Kh7 59. Qe3 Ra1 60. a7 Kh8 61. Kh3 Raf1 62. Rxh6+ Bxh6 63. Qxh6+ Kg8 64. Qg6+ Kh8 65. Qa6 R1f3+ 66. Kg2 R3f7 67. a8Q Rg7+ 68. Kh1 Rxa8 69. Qxa8+ Rg8 70. Qe4 Kg7 71. h4 Kh6 72. Kh2 Rg6 73. Qf4+ Kh5 74. Qd4 Ra6 75. Qg7 Rg6 76. Qh8+ Rh6 77. Qd8 Rg6 78. Kh3 Rg7 79. Qh8+ Kg6 80. h5+ Kf7 81. h6 1-0

[Event "IECG TE.2005.P.02027"]
[Site "IECG email"]
[Date "2005.12.19"]
[Round "?"]
[White "Sulaiman, Mohd Asrul"]
[Black "Malmstroem, Jan"]
[Result "1-0"]
[WhiteElo "800"]
[BlackElo "1915"]
[PlyCount "153"]
[EventDate "2005.12.19"]
[EventType "tourn (corr)"]
[EventRounds "8"]
[SourceTitle "Corr 2008"]
[Source "ChessBase"]
[SourceDate "2008.06.24"]
[SourceVersion "1"]
[SourceVersionDate "2008.06.24"]
[SourceQuality "1"]

1. e4 e5 2. Nf3 Nc6 3. c3 d5 4. Qa4 Bd7 5. exd5 Nd4 6. Qd1 Nxf3+ 7. Qxf3 Nf6 8. Bc4 e4 9. Qe2 Bd6 10. d4 0-0 11. Bg5 h6 12. Bh4 Re8 13. 0-0 Bg4 14. Qxg4 Nxg4 15. Bxd8 Raxd8 16. h3 Nf6 17. Bb5 Re7 18. c4 a6 19. Ba4 b5 20. cxb5 axb5 21. Bxb5 Nxd5 22. Nc3 Bb4 23. Ne2 Ba5 24. Rac1 Nb4 25. Rfd1 Bb6 26. a3 Nd3 27. Rc2 Bxd4 28. Nxd4 Rxd4 29. f3 f5 30. Rc3 Re5 31. Bxd3 Red5 32. fxe4 fxe4 33. Rxc7 Rxd3 34. Re1 Re5 35. Rb7 e3 36. a4 Ra5 37. b3 Rc3 38. Kh2 Kf8 39. Re2 g5 40. g4 Ke8 41. Kg2 Ra6 42. Kf3 Rf6+ 43. Kg3 Ra6 44. h4 gxh4+ 45. Kxh4 Kd8 46. Kg3 Re6 47. Kf3 Rf6+ 48. Ke4 Rg6 49. Kd4 Rc1 50. Kxe3 Rxg4 51. Rf2 Rg3+ 52. Kd2 Kc8 53. Rh7 Rc7 54. Rf8+ Kb7 55. Rhh8 Rcg7 56. Kc2 Rg2+ 57. Kc3 R2g3+ 58. Kb4 Rh3 59. a5 Rh4+ 60. Ka3 Rh1 61. Rf6 h5 62. Rf5 h4 63. b4 Ka6 64. Rh6+ Ka7 65. b5 Kb7 66. Kb3 Rb1+ 67. Ka2 Rh1 68. Rf2 h3 69. a6+ Ka7 70. Rb2 Rg8 71. Rh7+ Kb6 72. Rb7+ Ka5 73. b6 h2 74. Rh7 Rg4 75. a7 Ra4+ 76. Kb3 Rb4+ 77. Kc2 1-0